000 00435nam a2200145 a 4500
005 20140311163005.0
008 041026s19uu xx 00 eng d
050 _aPN 1996
_b.B453 2004
100 _aBeker, Marilyn
245 _aScreenwriting with a conscience :
_bethics for screenwriters.
300 _a235 p. :
_c23 cm.
650 _aMotion picture authorship
_xMoral and ethical aspects.
942 _cBK
_2lcc
_kFOR
999 _c39310
_d39310